Αειφόρος ανάπτυξη και εκπαίδευση: βιωματικές δραστηριότητες και εκπαιδευτικά παιχνίδια σε παιδιά δημοτικού σχολείου ; διπλωματική εργασία [μεταπτυχιακή εργασία]

Αποθηκεύτηκε σε:
Λεπτομέρειες βιβλιογραφικής εγγραφής
Κύριος συγγραφέας: Φλαμουρτζόγλου, Φίλιππος
Συγγραφή απο Οργανισμό/Αρχή: Πανεπιστήμιο Αιγαίου Σχολή Ανθρωπιστικών Επιστημών Τμήμα Επιστημών της Προσχολικής Αγωγής και του Εκπαιδευτικού Σχεδιασμού Πρόγραμμα Μεταπτυχιακών Σπουδών Περιβαλλοντική Εκπαίδευση
Άλλοι συγγραφείς: Φώκιαλη, Περσεφόνη (dgsf [Επιβλέπουσα καθηγήτρια])
Μορφή: Thesis Βιβλίο
Γλώσσα:Greek
Δημοσίευση: 2017.
Θέματα:
Διαθέσιμο Online:http://hdl.handle.net/11610/18727
Ετικέτες: Προσθήκη ετικέτας
Δεν υπάρχουν, Καταχωρήστε ετικέτα πρώτοι!

MARC

LEADER 00000cam a2200000 a 4500
001 1/115049
008 170927s2017####gr | ||| |||| ||gre||
040 |a GR-MyUa  |b gre  |c GR-MyUa  |e AACR2 
041 0 |a gre 
082 7 |a 372.357   |2 (23) 
100 1 |a Φλαμουρτζόγλου, Φίλιππος. 
245 1 0 |a Αειφόρος ανάπτυξη και εκπαίδευση:   |b βιωματικές δραστηριότητες και εκπαιδευτικά παιχνίδια σε παιδιά δημοτικού σχολείου ; διπλωματική εργασία [μεταπτυχιακή εργασία] /   |c Φλαμουρτζόγλου Φίλιππος ; επιβλέπουσα καθηγήτρια: Φώκιαλη Περσεφόνη.  
260 |c 2017.  
300 |a 104 σ. :   |b πίν., διαγρ. ;   |c 30 εκ.  
500 |a Υπάρχει ψηφιακό αντίγραφο.  
500 |a Μέλη εξεταστικής επιτροπής: Σταμάτης Παναγιώτης, Παπαβασιλείου Βασίλειος.  
502 # # |a Διατριβή (μεταπτυχιακή) – Πανεπιστήμιο Αιγαίου, Ρόδος, 2017. 
504 |a Βιβλιογραφία: σ. 97-101.  
506 1 |a Πλήρες κείμενο - Ελεύθερη δημοσίευση - Κλειδωμένη η δυνατότητα αντιγραφής.  
650 0 |a Environmental education  |x Activity programs. 
650 0 |a Education, Primary. 
650 0 |a Sustainable development  |x Study and teaching. 
650 0 |a Environmental education  |x Case studies. 
650 0 |a Activity programs in education. 
700 1 |a Φώκιαλη, Περσεφόνη,  |e dgsf [Επιβλέπουσα καθηγήτρια] 
710 2 |a Πανεπιστήμιο Αιγαίου  |b Σχολή Ανθρωπιστικών Επιστημών  |b Τμήμα Επιστημών της Προσχολικής Αγωγής και του Εκπαιδευτικού Σχεδιασμού  |b Πρόγραμμα Μεταπτυχιακών Σπουδών Περιβαλλοντική Εκπαίδευση. 
852 |a INST  |b RHODES  |c DIATR  |e 20170927  |h 372.357 ΦΛΑ  |p 005400039545  |q 005400039545  |t MTXE  |y 23 
856 |u http://hdl.handle.net/11610/18727 
924 |a Φλαμουρτζόγλου   |b Φίλιππος  |y Ρόδος  |z 2017-05  
970 |z 27-09-2017